Retórica
Estudio sobre el arte de la persuasión, tratado compuesto en tres libros que a su vez se subdividen en múltiples capítulos. Se presenta una definición de retórica, sus alcances y una visión general. Asimismo, se trata sobre las diferentes formas de persuasión el ήθος (ethos) que se relaciona con la...
Guardat en:
| Autor principal: | |
|---|---|
| Format: | Llibre |
| Idioma: | Undetermined |
| Publicat: |
Madrid, España
Editorial Gredos
1999
|
| Matèries: | |
| Etiquetes: |
Afegir etiqueta
Sense etiquetes, Sigues el primer a etiquetar aquest registre!
|
MARC
| LEADER | 00000nam a2200000Ia 4500 | ||
|---|---|---|---|
| 008 | 170316s9999 xx 000 0 und d | ||
| 040 | |a cru BVZT | ||
| 090 | |a 100 A-36re | ||
| 100 | |a Aristóteles |9 1052 | ||
| 245 | |a Retórica |c / Aristóteles ; | ||
| 260 | |a Madrid, España |b Editorial Gredos |c 1999 | ||
| 300 | |a 626 páginas | ||
| 520 | |a Estudio sobre el arte de la persuasión, tratado compuesto en tres libros que a su vez se subdividen en múltiples capítulos. Se presenta una definición de retórica, sus alcances y una visión general. Asimismo, se trata sobre las diferentes formas de persuasión el ήθος (ethos) que se relaciona con la credibilidad, el πάθος (páthos) con las emociones y el λóγος (lógos) con el razonamiento. También se encuentran temas relacionados con el estilo y la organización en la argumentación retórica. | ||
| 650 | |a FILOSOFÍA |9 5 | ||
| 999 | |c 15580 |d 15580 | ||
| 942 | |c SALA |h 100 A-36re |2 z | ||
